000 01360nam a2200241Ii 4500
003 JO-AjNU
005 20240630112740.0
008 230605s9999||||xx |||||||||||||| ||und||
040 _aJO-AjNU
_bara
_erda
_cJO-AjNU
041 _aara
050 1 4 _aLC4704.2022
100 1 _aبني حمد، مروه اشرف
_eمعد
_965958
245 0 0 _aفاعلية برنامج تدريبي قائم على استخدام البيداغوجيا الفارقية في تنمية المهارات الاكاديمية للطلبة ذوي صعوبات التعلم = The Effectiveness of a Training Program Based on the Use of Differential Pedagogy in Developing the Academic Skills of Students with Learning Disabilies /
_cاعداد مروه اشرف بني حمد؛ اشراف خالد احمد عبيدات
264 3 1 _a 2022
300 _a102 ورقة
336 _atext
_btxt
_2rdacontent
337 _aunmediated
_bn
_2rdamedia
338 _avolume
_bnc
_2rdacarrier
500 _aرسالة جامعية(اطروحة ماجستير) تخصص صعوبات التعلم/كلية العلوم التربوية، جامعة عجلون الوطنية، 2022
650 4 _aصعوبات التعلم- المهارات الاكاديمية -البيدغوجيا الفارقية
_963331
700 1 _aعبيدات، خالد احمد
_965487
_eمشرف
942 _2lcc
_cTHS
999 _c32288
_d32288